[Event "ARM-ch"]
[Site "Yerevan"]
[Date "1999.10.16"]
[Round "1"]
[White "Nalbandian, Tigran"]
[Black "Aronian, Levon"]
[Result "0-1"]
[WhiteElo "2445"]
[BlackElo "2518"]
[Annotator "Alterman,B"]
[PlyCount "56"]
[EventDate "1999.10.16"]
[EventType "tourn"]
[EventRounds "11"]
[EventCountry "ARM"]
[EventCategory "10"]
[SourceTitle "CBM 074"]
[Source "ChessBase"]
[SourceDate "2000.02.01"]
[SourceVersion "1"]
[SourceVersionDate "2000.02.01"]
[SourceQuality "1"]

{[%mdl 64]} 1. d4 Nf6 2. Nf3 e6 3. g3 b5 4. a4 b4 5. Bg2 (5. Nbd2 d5 6. Bg2 c5
7. O-O Nc6 8. c4 bxc3 9. bxc3 cxd4 10. cxd4 Bb4 11. Ba3 Rb8 12. Qc2 Bd7 $11 {
1/2-1/2 Rashkovsky,N-Makarichev,S/Minsk ch-SU 1979 (22)}) (5. c4 c5 (5... bxc3
6. bxc3 d5 7. Bg2 Nbd7 8. O-O Ba6 $11 {1-0 Barbero Gerardo F-Bednarski Jacek B/
Naestved DEN 1988 (35)}) 6. dxc5 Bxc5 7. Bg2 Bb7 8. O-O O-O 9. Bf4 a5 10. Nbd2
Na6 11. Nb3 Be7 12. Bd6 Bxd6 13. Qxd6 Ne4 14. Qd4 d6 $11 {0-1 Pelts,P-Gurevich,
D/Midwest Masters Inv. 1987 (62)}) (5. Bg5 h6 6. Bxf6 Qxf6 7. Bg2 Bb7 8. Nbd2
c5 $11 {1-0 Nikolaev,N-Zvereva,M/Petrov mem, St Petersburg RUS 1998 (41)}) 5...
Be7 (5... a5 6. c4 Bb7 7. O-O c5 (7... Be7 8. Nbd2 O-O 9. Qc2 c5 $11 (9... d5
10. cxd5 exd5 11. Ne5 Bd6 12. Nb3 Re8 13. Nd3 $14 {[%csl Rc5] 0-1 Meissner,
C-Cladouras,P/Open, Dresden GER 1998 (76)})) 8. Bf4 d5 $11 (8... Qb6 9. Nbd2
cxd4 10. Nb3 Nc6 (10... d6 11. Qxd4 Nbd7 12. Rfd1 Nc5 13. Be3 Be7 14. Qf4 O-O
$14 {1-0 Rosanov Lev I-Olenin Nikolay/Cup Russia (open) Moscow (Russia) (5)
1996 (43)}) 11. Nfxd4 Nxd4 12. Qxd4 Qxd4 13. Nxd4 Bxg2 14. Kxg2 Rc8 15. Rac1
Ne4 $11)) (5... d5 6. O-O Be7 7. c4 bxc3 8. Nxc3 O-O 9. Ne5 Bb7 10. Qb3 Qc8 {
1-0 Haves,R-Schlaugat,M/BL2W 1987 (10)}) (5... Bb7 6. c4 (6. Nbd2 c5 7. c3 Be7
8. Nc4 Bd5 9. Qd3 bxc3 10. Qxc3 cxd4 11. Qxd4 Nc6 $15 {1/2-1/2 Haines,B-Chow,A/
Illinois Open 1990 (15)}) (6. a5 c5 7. O-O Be7 8. c4 cxd4 9. Nxd4 Bxg2 10. Kxg2
O-O 11. Nd2 Qc7 12. e4 Nc6 $11 {1-0 Shirazi,K-Goldin,A/Issy FRA Op 1994 (50)})
6... Be7 (6... bxc3 7. Nxc3 (7. bxc3 c5 8. Ba3 (8. O-O Be7 9. Nbd2 O-O 10. Ba3
Na6 11. Ne5 Bxg2 12. Kxg2 Qc7 $11 {1-0 Simic,R-de Firmian,N/Stara Pazova 1983/
Inf 36 (49)}) 8... Na6 9. Qd3 Rc8 10. Nbd2 Be7 (10... cxd4 11. Bxf8 Rxf8 12.
Qxd4 Nc5 13. O-O Ke7 14. Rfd1 d5 15. Qe3 Qa5 16. Nd4 Rfd8 17. Nf5+ Kf8 18. Nxg7
$16 {1-0 Kozlov,O-Restas,P/Harkany 1994 (31)}) 11. Rb1 Qc7 $11) 7... Na6 (7...
a5 8. O-O Na6 9. Re1 d5 10. Ne5 c5 11. Bg5 cxd4 12. Qxd4 Be7 $11 {1/2-1/2
Trichkov,V-Chloupek,S/Czech tt(4) 1993 (23)}) 8. O-O Be7 9. Bg5 O-O (9... d5
10. Qb1 O-O 11. Rc1 c5 $11 {0-1 Young,A-Burnett,R/Marshall-2 1995 (37)}) 10.
Rc1 Rb8 11. Nb5 Bxf3 12. Bxf3 c6 13. Nxa7 Qb6 14. Nxc6 dxc6 15. Rxc6 Qa5 16.
Bd2 Nb4 $44 {1/2-1/2 Ardiansyah,H-Andersson,U/Thessaloniki olm 1988 (42)}) (
6... c5 7. d5 exd5 8. Nh4 g6 9. cxd5 Bg7 10. Nd2 O-O (10... Bxd5 11. Bxd5 Nxd5
12. Ne4 Nc7 13. Nxc5 $14) 11. Nc4 d6 12. O-O Ba6 13. Qc2 Re8 14. Re1 Bxc4 15.
Qxc4 Nbd7 16. a5 Ne5 17. Qc2 Qe7 18. Bd2 Rab8 19. h3 Nh5 $15 {0-1
Chiburdanidze,M-Goldin,A/Palma de Majorca ESP 1989 (36)}) 7. O-O (7. a5 O-O 8.
O-O Na6 9. Bf4 d6 10. Nbd2 c5 $11 {1/2-1/2 Hellborg,T-Backe,P/Hallsberg 1990 
(56)}) 7... O-O 8. Nbd2 c5 9. dxc5 Na6 10. c6 Bxc6 11. Nb3 Nc5 12. Nbd4 Be4 $11
{1-0 Ostenstad,B-Carlier,B/Gausdal TM ,EXT 1988 (49)}) 6. c4 bxc3 7. bxc3 (7.
Nxc3 Bb7 8. Qb3 Qc8 (8... Nc6 9. Bf4 (9. Qxb7 Rb8 10. Qa6 Nb4 11. Qxa7 Nc2+ 12.
Kd1 Nxa1 $15) 9... Rb8 10. Qd1 $132) 9. O-O O-O $11) 7... Ba6 $5 8. Ne5 (8.
Nbd2 d5 9. Ba3 $11) 8... d5 9. c4 (9. Ba3 $11) 9... c6 $1 {[%cal Gg2d5]} ({
The openning of a position by a way} 9... c5 $5 {is premature} 10. Nc3 cxd4 (
10... Qa5 11. Bd2 Qc7 12. cxd5 cxd4 13. Nb5 Bxb5 14. Nxf7 $1 O-O $1 (14... Kxf7
15. dxe6+ Kxe6 16. axb5 $18 {[%csl Ra8,Re6]}) 15. d6 $1 (15. Ng5 Qd6 (15...
exd5 16. axb5 $16) (15... Ba6 16. Nxe6 Qd6 17. Nxf8 Bxf8 18. O-O $14) 16. axb5
Nxd5 17. O-O $14) 15... Bxd6 16. axb5 (16. Bxa8 Bc6 17. Nxd6 Bxa8 18. Nb5 Qd7
19. O-O $16 (19. f3 $16)) 16... Nd5 17. Ng5 Qd7 18. Qc2 g6 19. Qe4 Nc7 20. Rc1
$18) 11. Qxd4 Qb6 12. Qxb6 axb6 13. Rb1 $1 (13. cxd5 Bb4 14. Bd2 Bxc3 15. Bxc3
Nxd5 16. Bd4 f6 17. Nd3 Bxd3 18. exd3 Ra5 $14) 13... Bc5 14. Be3 $1 $16) 10. c5
(10. cxd5 cxd5 $11) 10... Nfd7 11. f4 (11. Nxd7 Nxd7 12. O-O e5 $15) 11... Nxe5
12. fxe5 O-O 13. e4 $5 {[%csl Re1][%cal Ga6f1] To complete development first
was better.} (13. O-O Nd7 14. Nd2 (14. Nc3 f6 15. exf6 Bxf6 16. Rb1 Rb8 (16...
e5 17. Nxd5 cxd5 18. dxe5 Nxe5 19. Qxd5+ Qxd5 20. Bxd5+ Nf7 (20... Kh8 21. Bxa8
Rxa8 22. Bb2 Bxe2 23. Rf2 Bg4 24. Bxe5 Bxe5 25. Rb4 h5 $44) 21. Bxa8 Rxa8 $44)
17. Rxb8 Qxb8 18. Bh3 Qe8 19. Bf4 Rf7 20. Rf3 $1 e5 $1 21. Bxd7 Rxd7 22. dxe5
Bd8 (22... Bxe5 23. Re3 Re7 24. Nxd5 $1 $18) 23. Qd4 Ba5 $44) 14... f6 15. exf6
Bxf6 16. Nf3 e5 $15) 13... Nd7 $5 (13... f6 $6 14. exf6 Bxf6 15. e5 Be7 16. Nc3
Qe8 (16... Bc4 17. Qg4 Rf5 18. Rb1 Na6 19. Bh6 (19. Rb7 Nxc5 $1 20. dxc5 Ba6
21. Bh6 g6 22. Rb3 Rxe5+ 23. Kd1 Bxc5 24. Bf4 Rf5 25. Re1 Qf6 $17 {[%csl Rd1]})
19... g6 20. Bf1 Bxf1 21. Rxf1 Qa5 22. Bd2 Nb4 23. Rxf5 exf5 24. Qd1 Nd3+ 25.
Kf1 Qa6 26. Kg2 $11) 17. Ne2 Qh5 18. Nf4 Qf5 19. Be3 $11) 14. Nc3 f6 $1 15.
exd5 (15. exf6 Bxf6 16. Qd2 (16. Be3 $2 Nxc5 $17) (16. e5 $2 Bxe5 $1 17. dxe5
Nxe5 $19) 16... e5 $1 17. exd5 exd4 18. Ne4 (18. dxc6 Nxc5 $17) 18... Re8 19.
Kd1 Bc4 $17) 15... cxd5 (15... exd5 $6 16. e6 Nb8 17. Kf2 f5 18. Re1 f4 19. Kg1
$14) 16. Qg4 $1 (16. Nxd5 $2 exd5 17. Bxd5+ Kh8 18. e6 (18. Bxa8 Qxa8 $19)
18... Nxc5 19. dxc5 Bxc5 $17 (19... Rc8 $17)) 16... f5 17. Qf3 (17. Qf4 Nb8 18.
Nb5 Nc6 19. Qd2 (19. O-O Rb8 $15) 19... Rb8 20. Rb1 $132) 17... Qc7 18. Bd2 (
18. Bf4 g5 19. Bd2 $132) 18... Kh8 19. Rb1 $2 (19. Nb5 Bxb5 20. axb5 Nxe5 21.
Qe2 Nc4 22. Bf4 Qd7 23. O-O $44) 19... Bxc5 $3 {The young talent demonstrates
magnificent tactical vision!} 20. dxc5 Nxe5 21. Qe3 d4 $1 {The position of
white collapses as the card house} 22. Qxd4 Rad8 23. Nd5 (23. Qg1 Qd7 24. Bg5
Nd3+ 25. Kd2 Nf4+ 26. Bd5 Nxd5 27. Bxd8 Nb4+ 28. Kc1 Qd3 $19) (23. Qe3 Nc4 $19)
23... exd5 24. Bf4 (24. Kd1 Nd3 $19) 24... Rfe8 25. Kd1 Rb8 26. Kc2 Bd3+ 27.
Qxd3 Qxc5+ 28. Kd2 Qf2+ 0-1

[Event "Ubeda op 5th"]
[Site "Ubeda"]
[Date "2000.01.22"]
[Round "3"]
[White "Guerra Bastida, Diego"]
[Black "Aronian, Levon"]
[Result "1/2-1/2"]
[WhiteElo "2313"]
[BlackElo "2587"]
[Annotator "Alterman,B"]
[PlyCount "44"]
[EventDate "2000.01.19"]
[EventType "swiss"]
[EventRounds "10"]
[EventCountry "ESP"]
[SourceTitle "CBM 075"]
[Source "ChessBase"]
[SourceDate "2000.04.05"]
[SourceVersion "1"]
[SourceVersionDate "2000.04.05"]
[SourceQuality "1"]

1. Nf3 Nf6 2. g3 c6 3. Bg2 d6 4. d4 Nbd7 5. Nbd2 e5 6. e4 Be7 7. O-O O-O 8. a4
$146 (8. b3 Re8 9. Re1 b5 10. a4 Bb7 11. Bb2 Bf8 12. c3 a6 13. Qc2 Qc7 14. Re2
g6 15. Ne1 Bh6 16. Nf1 c5 17. d5 Nb6 18. a5 Nc8 19. Bc1 Bxc1 20. Qxc1 Nh5 21.
Bf3 Ng7 22. Ne3 Rf8 {Budde,V-Fehrig,A/Germany 1982/GER-chT/1/2-1/2 (51)}) 8...
a5 9. b3 exd4 10. Nxd4 d5 $6 {It's dubious to open position before finishing
of the developing.Better was 10..b6} 11. exd5 Nxd5 (11... cxd5 {[%csl Gb5]} 12.
Bb2) 12. Bb2 Nc5 13. Nc4 (13. Re1 $1 Re8 14. Qe2 {Was very unpleasant.}) 13...
Bf6 14. Ne3 $6 Nxe3 15. fxe3 Re8 16. Qh5 Nd7 $2 {[%mdl 8192]} (16... Qe7 17.
Rae1 Ne4 $1 {With a good position for black.} (17... Bd7 18. Nf5 Bxf5 19. Bxf6
Qxf6 20. Rxf5 $18)) 17. Rad1 g6 18. Qf3 Qe7 19. Nxc6 bxc6 20. Bxf6 Nxf6 21.
Qxf6 Qxe3+ 22. Qf2 (22. Rf2 $6 Bf5 23. Bxc6 Re6 24. Rd8+ Rxd8 25. Qxd8+ Kg7 26.
Bg2 Bxc2) 22... Bg4 $2 (22... Bg4 23. Rd4 $1 {[%mdl 12288]} (23. Rd6 $5) 23...
Qxf2+ 24. Rxf2 Bf5 25. Bxc6 Re1+ 26. Rf1 Rxf1+ 27. Kxf1 Rc8 28. Rc4 $18) (22...
Qxf2+ 23. Rxf2 Ra6 24. Rd6 c5 $14 {Much better for black ,than position after
22...Bg4?}) 1/2-1/2

[Event "Chigorin Memorial 07th"]
[Site "St Petersburg"]
[Date "1999.11.09"]
[Round "8"]
[White "Kharitonov, Andrei Y"]
[Black "Zakharov, Alexander S"]
[Result "1-0"]
[WhiteElo "2559"]
[BlackElo "2433"]
[Annotator "Alterman,B"]
[PlyCount "89"]
[EventDate "1999.11.02"]
[EventType "swiss"]
[EventRounds "9"]
[EventCountry "RUS"]
[SourceTitle "CBM 074"]
[Source "ChessBase"]
[SourceDate "2000.02.01"]
[SourceVersion "1"]
[SourceVersionDate "2000.02.01"]
[SourceQuality "1"]

1. d4 Nf6 2. Nf3 e6 3. g3 b5 4. Bg2 Bb7 5. O-O Be7 (5... c5 $5 $132) 6. c3 Qc8
(6... a5 7. Re1 Qc8 8. Qd3 b4 9. e4 d6 10. a3 Nbd7 11. Nbd2 bxa3 12. b3 $14 (
12. bxa3 Ba6 13. Qc2 O-O $11 {1/2-1/2 Langeweg-Visier/Vienna tt 1972 (41)})) (
6... a6 7. Nbd2 (7. Bg5 O-O 8. Nbd2 d6 9. Bxf6 Bxf6 10. a4 c5 $11 {0-1
Veingold,A-Pyhaelae,A/KUOPIO WHOF (1.0) 1995 (51)}) (7. a4 Nc6 8. Bg5 Rb8 9.
axb5 axb5 10. Nbd2 O-O 11. b4 Nd5 12. Bxe7 Ncxe7 13. Qc2 $14 {1/2-1/2 Mancebo
Ibanez,F-Eslon,J/Valencia 1998 (33)}) 7... d6 8. Re1 Nbd7 9. Nb3 c5 10. Nh4
Bxg2 11. Nxg2 O-O $11 {1-0 Martinovsky,E-Umezinwa,G/Chicago ,EXT 1988 (35)}) (
6... d5 7. Qb3 (7. a4 b4 8. cxb4 Bxb4 9. a5 Na6 {1/2-1/2 Azmayparashvili,
Z-Salov,V/Madrid 1996/Inf 66/ (38)} (9... O-O 10. Qb3 Na6 11. Ra4 Qd6 12. Bf4
Qe7 13. Bd2 (13. Bd2 Bxd2 14. Qxb7))) 7... a6 8. a4 c6 9. Bg5 $14) (6... O-O 7.
Bg5 (7. Nbd2 c5 8. dxc5 Bxc5 9. Nb3 Be7 10. Bf4 d6 11. a4 $11 {1/2-1/2 David,
R-Kitte,S/GER-chJT Leipzig ,JUN 1995 (57)}) (7. a4 b4 8. Nbd2 (8. c4 d6 9. d5
exd5 10. Nh4 Re8 11. Nf5 Nbd7 12. cxd5 Bf8 13. a5 $132 {0-1 Averbakh,Y-Browne,
W/Palma GMA-op (5) 1989 (46)}) 8... c5 (8... Na6 9. c4 c5 10. e3 d5 11. b3 cxd4
12. exd4 $11 {0-1 Doda,Z-Smyslov,V/Polanica Zdroj 1966 (43)}) 9. cxb4 cxb4 10.
Nb3 Bd5 11. Bg5 Nc6 12. Nfd2 Bxg2 13. Kxg2 d5 $11 {1-0 Buturin,V-Nisipeanu,L/
MK Cafe Cup, Koszalin POL 1998 (54)}) 7... c5 8. dxc5 Bxc5 9. Qd3 a6 10. a4 b4
11. cxb4 Bxb4 12. Ne5 d5 13. Qb3 a5 14. Na3 Nc6 15. Ng4 Ba6 16. Nb5 (16. Bxf6
gxf6 17. Qe3 f5 $132) 16... Be7 $11 {1/2-1/2 Azmaiparashvili,Z-Mikhalchishin,A/
Volgodonsk 1981 (47)}) 7. Bg5 {Kharitonov unpretentiously plays a beginning
not entering in theoretical controversies.} (7. Nbd2 Ne4 8. Nxe4 Bxe4 9. Ne1
Bxg2 10. Nxg2 $11 {0-1 Asensio,E-Rodriguez,A/Buenos Aires Konex 1991 (56)})
7... d6 $6 $14 (7... c5 $1 8. a4 cxd4 9. cxd4 bxa4 10. Qxa4 O-O 11. Rc1 Bc6 12.
Qc2 Qb7 {[%csl Ge4]} 13. Nc3 Na6 14. e4 Nb4 15. Qe2 d6 $11) 8. a4 a6 (8... bxa4
9. Qxa4+ $14) 9. axb5 axb5 10. Rxa8 Bxa8 11. Qb3 c6 $6 (11... Bxf3 12. Bxf3 c6
13. Nd2 d5 $14 {Drawing up strengthening against the B}) (11... Qb7 12. Na3 c6
13. Nd2 {[%cal Ga3b5]} d5 14. e4 $14) 12. Bxf6 $1 gxf6 (12... Bxf6 13. Qa3 $16
{[%csl Ra8,Rd6]}) 13. e4 Nd7 14. Nbd2 Qa6 15. Qc2 O-O 16. Re1 Bb7 17. Nf1 Ra8
18. Ne3 b4 19. c4 Qb6 20. Bh3 Ra2 $2 $16 {Not noticing latent tactical impact}
(20... c5 21. d5 Nf8 $14) 21. c5 $1 dxc5 (21... b3 22. Qc4 dxc5 23. Bxe6 $1 $16
) 22. Qb3 {[%csl Ra2,Re6]} Ra8 $2 $18 {Not simplly to accept the correct
solution. Black in a bewilderment} (22... cxd4 $1 23. Nxd4 (23. Qxa2 dxe3 24.
Rxe3 $14) 23... Qxd4 (23... Ra8 24. Nxe6 Nc5 $1 25. Nxc5 Bxc5 26. Bf5 $16 {
[%cal Gf5h7]} (26. Ng4 $2 Kg7 27. Qf3 (27. e5 f5 28. Ne3 Bxe3 $1 29. fxe3 $11 (
29. Rxe3 Ra1+ 30. Bf1 (30. Kg2 c5+ 31. f3 c4 $19) 30... Ba6 $19)) 27... Bd4 28.
e5 Bxe5 29. Nxe5 fxe5 30. Qg4+ Kf8 $44)) 24. Qxa2 Nc5 (24... Qxe4 25. Qa7 Nc5
26. Qb8+ Bf8 (26... Kg7 27. Nf5+ $18) 27. Rd1 $16) 25. Bg2 Nd3 (25... Qd2 26.
Rd1 Qe2 27. Qa7 $16) 26. Rd1 $16) 23. Bxe6 cxd4 (23... fxe6 24. Qxe6+ $18) 24.
Bxf7+ (24. Nc4 $6 Qc7 25. Bxd7 Qxd7 26. Nb6 Qd8 27. Nxa8 c5 (27... Qxa8 28.
Nxd4 $18) (27... Bxa8 28. Nh4 c5 29. Nf5 Bf8 30. Qd1 $16) 28. Nh4 Qxa8 29. Nf5
Bf8 30. Qd1 $16) 24... Kh8 (24... Kf8 25. Bh5 $1 $18) 25. Nf5 Bf8 (25... Nc5
26. Qc4 $18) 26. N5xd4 $5 (26. N3xd4 $6 Ne5 $16) (26. Qe6 $1 Qd8 27. N5xd4 (27.
N3xd4 $16) 27... Nc5 (27... c5 28. Qg4 $1 Bh6 (28... Bg7 29. Ne6 $18) 29. Nf5
$18) 28. Qg4 Bd6 29. Nf5 $18) 26... Bc5 (26... Nc5 27. Qe3 $18) 27. Rd1 Ne5 (
27... Nf8 28. Qe3 Qc7 29. Bb3 $18 {[%csl Rh8]}) 28. Qe6 Nxf3+ 29. Nxf3 $18 Bf8
30. Qxf6+ Bg7 31. Qf5 Bc8 32. Qg5 $6 (32. Qh5 $18) 32... Ba6 33. Ne5 (33. Rd7
Be2 34. Ba2 $18) 33... Be2 34. Ng6+ hxg6 35. Qh4+ Bh5 36. Bxg6 Qa5 37. Bxh5 Kg8
38. Be2 Qc5 39. e5 Qxe5 40. Bc4+ Kf8 41. Rd8+ Rxd8 42. Qxd8+ Qe8 43. Qd6+ Qe7
44. Qb8+ Qe8 45. Qxb4+ 1-0

[Event "USA-ch Gr-B"]
[Site "Salt Lake City"]
[Date "1999.08.26"]
[Round "4"]
[White "Seirawan, Yasser"]
[Black "Ivanov, Alexander"]
[Result "1-0"]
[WhiteElo "2653"]
[BlackElo "2515"]
[Annotator "Alterman,B"]
[PlyCount "52"]
[EventDate "1999.08.05"]
[EventType "tourn"]
[EventRounds "7"]
[EventCountry "USA"]
[EventCategory "13"]
[SourceTitle "CBM 073"]
[Source "ChessBase"]
[SourceDate "1999.12.01"]
[SourceVersion "1"]
[SourceVersionDate "1999.12.01"]
[SourceQuality "1"]

1. d4 Nf6 2. Nf3 e6 3. g3 b5 4. Qd3 c6 (4... b4 5. Bg2 Ba6 6. Qd1 c5 (6... Bb7
7. a3 a5 8. axb4 axb4 9. Rxa8 Bxa8 10. c4 bxc3 11. bxc3 c5 12. Qa4 Bc6 13. Qa7
cxd4 14. cxd4 Be4 15. Nbd2 {1/2-1/2 Ohst,C-Lutz,C/NRW-II 1987/EXT 97-B (44)})
7. Ne5 d5 8. c4 Bb7 9. Qa4+ Nbd7 10. Bg5 cxd4 11. cxd5 Qc7 12. Bxf6 Qc1+ 13.
Qd1 Qxd1+ 14. Kxd1 Nxf6 15. Nxf7 Rg8 16. Ng5 e5 17. Nd2 Nxd5 18. Be4 {1-0
Dorfman,J-Skrobek,R/Warsaw 1983/MCD (41)}) (4... Ba6 5. Bg2 d5 6. a3 c5 7. dxc5
Bxc5 8. b4 Bd6 9. Nc3 Nc6 {1/2-1/2 Kurajica,B-Popovic,P/Sarajevo 1987/CBM 05 
(9)}) 5. Bg5 (5. e4 b4 6. e5 Ba6 7. Qb3 Bxf1 8. Kxf1 Nd5 9. a3 c5 10. axb4 cxb4
11. c4 bxc3 12. bxc3 Nc6 13. c4 Rb8 14. Qd3 Ndb4 15. Qe4 Na5 16. Nbd2 Qc7 17.
d5 {1-0 Burmakin,V-Lomineishvili,M/Smolensk 1997/CBM 58 ext (35)}) (5. c3 d5 6.
Nbd2 a5 7. e4 Ba6 8. Qe3 dxe4 9. Nxe4 Nxe4 10. Qxe4 Qd5 11. Qe3 Be7 12. b3 c5
13. Bg2 cxd4 14. Qxd4 Bf6 15. Qxd5 exd5 16. Nd4 Nc6 17. Be3 Rc8 18. Bxd5 {
1/2-1/2 Dlugy,M-Ivanov,A/New York 1997/CBM 57 ext (18)}) 5... Be7 6. e4 d5 7.
e5 Nfd7 8. Bxe7 Qxe7 9. Nbd2 a5 10. Qe3 Ba6 11. a3 O-O 12. Nb3 b4 13. axb4
Qxb4+ 14. Qd2 $14 {[%csl Ra5,Gc5][%mdl 32]} Bxf1 15. Rxf1 Qxd2+ $2 {[%mdl 8192]
After this move white has a clear advantage,thanks to weak pawn on a5.} (15...
Qc4 $5 16. Nxa5 Qb5 17. b4 Na6 18. c3 c5 $1 $44) 16. Kxd2 a4 17. Ne1 f6 18. Nd3
fxe5 19. dxe5 $16 {[%csl Gc5,Gd4]} Kf7 20. f4 Ke7 21. h4 {[%csl Rg5]} Rc8 22.
Nbc5 {[%csl Gc6,Gd5,Ge6]} Nb6 (22... Nxc5 23. Nxc5 $18 {[%csl Ra4]}) 23. Ra2
N8d7 24. Rfa1 Nxc5 25. Nxc5 Rcb8 26. b3 $1 {Nice pawn move ,after which
black's position is hopeless.} axb3 (26... axb3 27. Ra7+ Rxa7 28. Rxa7+ Ke8 29.
cxb3 $18) 1-0

[Event "Ubeda op 5th"]
[Site "Ubeda"]
[Date "2000.01.22"]
[Round "4"]
[White "Piankov, Evgenij"]
[Black "Minasian, Ara"]
[Result "1-0"]
[WhiteElo "2375"]
[BlackElo "2485"]
[Annotator "Alterman,B"]
[PlyCount "81"]
[EventDate "2000.01.19"]
[EventType "swiss"]
[EventRounds "10"]
[EventCountry "ESP"]
[SourceTitle "CBM 075"]
[Source "ChessBase"]
[SourceDate "2000.04.05"]
[SourceVersion "1"]
[SourceVersionDate "2000.04.05"]
[SourceQuality "1"]

1. d4 Nf6 2. Nf3 d6 3. g3 Nbd7 4. Bg2 e5 5. c3 $146 (5. O-O e4 (5... Be7 6.
Nbd2 O-O 7. dxe5 dxe5 8. Nc4 e4 9. Nd4 Nb6 10. Ne3 Re8 11. c3 Bd7 12. Qc2 Bf8
13. Rd1 Qc8 14. c4 Bh3 15. Bh1 c6 16. b3 {Andersson,U-Larsen,B/Stockholm 1975/
MCD/1-0 (66)}) ({RR} 5... g6 6. dxe5 dxe5 7. Nc3 Bg7 8. Nd2 O-O 9. Nc4 Re8 10.
b3 Nb6 11. Qxd8 Rxd8 12. Na5 e4 13. Bb2 Bf5 14. Rad1 {1/2-1/2 Kern,G-Luminet,D/
Antwerp 1999/EXT 2000 (23)}) 6. Ne1 d5 7. c4 c6 8. Nc3 Nb6 9. cxd5 cxd5 10. Nc2
Be6 11. a4 Nc4 12. b3 Na5 13. Rb1 Rc8 14. Bd2 Be7 15. Rb2 O-O 16. Qe1 {
Boutteville,C-Gligoric,S/Varna 1962/MCD/0-1 (40)}) (5. e3 c6 6. O-O Be7 7. c4
Qc7 8. Nc3 Nf8 9. c5 dxc5 10. Nxe5 Ne6 11. Nc4 O-O 12. dxc5 Bxc5 13. Qc2 b6 14.
b3 Ba6 15. a4 {Thorvaldsson,E-Makropoulos,G/Skopje 1972/EXT 2000/1/2-1/2 (45)})
5... c6 6. O-O Be7 7. Re1 O-O 8. e4 Re8 9. Nbd2 Qc7 10. b3 b6 11. Bb2 Bb7 12.
Qc2 Rad8 13. Rad1 g6 14. h3 Nh5 15. Nc4 Bf8 16. Bc1 b5 17. Ne3 Ndf6 (17... Nhf6
18. Ng4 Nxg4 19. hxg4 c5 $11) 18. Ng4 Bc8 $6 {[%mdl 16384]} (18... Nd7 19. c4
$14 {White is only better.}) 19. Bg5 Be7 20. dxe5 (20. Nh6+ $1 Kg7 21. Qd2 Ng8)
20... Nxg4 21. Bxe7 Qxe7 22. hxg4 Bxg4 23. exd6 Rxd6 24. Rxd6 Qxd6 25. e5 Qc5 (
25... Qc7 26. Qe4) 26. Qe4 Be6 27. Qe3 Qxe3 28. Rxe3 Bd7 $2 {[%mdl 8192]} (
28... c5 $1 29. Rd3 (29. Ng5 Rd8) 29... c4) 29. Rd3 {Now Endgame is difficult
for black.} Bf5 30. Rd6 c5 31. Rc6 Rc8 32. Ra6 Rc7 33. Ng5 b4 (33... Re7 $1 34.
Bd5 Rxe5 35. Bxf7+ Kh8 36. Be6 $1 (36. Rxa7 Bg4 $1 37. Bxg6 Rxg5) 36... Bxe6
37. Nxe6 $16) 34. c4 Ng7 $2 {Last mistake.} (34... h6 $1 35. Nf3 $16 {[%csl
Ra7,Rc5]} (35. Ne4 Bxe4 36. Bxe4 Re7 37. Bd5 Kg7)) 35. Bd5 Ne6 36. Nxe6 fxe6
37. Bxe6+ Bxe6 38. Rxe6 Kf7 39. Rd6 Ke7 40. f4 Ke8 41. Kg2 1-0

[Event "Petrov Memorial op"]
[Site "St Petersburg"]
[Date "2000.02.13"]
[Round "6"]
[White "Yevseev, Denis"]
[Black "Atalik, Ekaterina"]
[Result "1-0"]
[WhiteElo "2496"]
[BlackElo "2356"]
[Annotator "Alterman,B"]
[PlyCount "69"]
[EventDate "2000.02.05"]
[EventType "swiss"]
[EventRounds "9"]
[EventCountry "RUS"]
[SourceTitle "CBM 076"]
[Source "ChessBase"]
[SourceDate "2000.05.31"]
[SourceVersion "1"]
[SourceVersionDate "2000.05.31"]
[SourceQuality "1"]

1. d4 Nf6 2. Nf3 e6 3. g3 b5 4. Bg2 Bb7 5. O-O c5 6. Na3 b4 (6... a6 7. c4 b4
8. Nc2 Qb6 9. b3 d6 10. Ne3 cxd4 11. Qxd4 Nbd7 12. a3 d5 13. axb4 Bxb4 14. Qxb6
Nxb6 15. Ne1 O-O 16. Nd3 a5 17. Nxb4 axb4 18. Bd2 Rfc8 19. Bxb4 $16 {1-0
Aronian,L-Fernandez Romero,E/Linares ESP 2000/The Week in Chess 271 (29)}) 7.
Nc4 d5 (7... cxd4 8. Qxd4 d5 9. Nce5 Be7 10. c4 O-O 11. Bg5 h6 12. Bxf6 Bxf6
13. cxd5 Qxd5 14. Qxb4 Na6 15. Qf4 Rad8 16. Nd3 Nc5 17. Nxc5 Qxc5 18. Rac1 Qa5
$44 {Andersson,U-Nikolic,P/Monte Carlo 1997/CBM 57 ext/0-1 (32)}) 8. Nce5 Nbd7
$146 (8... Be7 9. a3 bxa3 10. b3 O-O 11. Bxa3 Nbd7 12. dxc5 Nxc5 13. Qd4 Nfe4
14. Nd3 Qc7 15. Nxc5 Nxc5 16. Qe5 Bd6 17. Qh5 $11 {Hadas,Y-Lebedev,V/
Szombathely 1993/TD/1/2-1/2 (73)}) 9. c3 Be7 (9... bxc3 10. bxc3 Bd6 11. Rb1
$36) 10. dxc5 $6 {White's strategy is dubious,after pawn's exchanging in the
centre black has an easy game.Better was} (10. Bf4) 10... Bxc5 11. cxb4 Bxb4
12. Nxd7 Qxd7 13. Ne5 Qb5 14. a4 Qa5 15. Qb3 Rb8 $2 {[%mdl 8192] Blunder.} (
15... O-O $4 16. Nd3 {[%cal Rb3b7]}) (15... Rc8 $1 {Was much better and white
has nothing better than} 16. Nd3 Rc4 17. Be3 Ng4 18. Nxb4 $5 Rxb4 19. Qc3 Nxe3
20. fxe3 d4 $1 21. exd4 Bxg2 22. Kxg2 Qd5+ 23. Rf3 Rc4 $1 $11 {With an equal
game.}) 16. Bf4 Bd6 17. Nxf7 $1 {[%mdl 64] Easy tactical blow decide the game.}
Bxf4 18. Nxh8 Bd6 19. e4 $6 {Poor move.White was winning after} (19. Qe3 $1 Ke7
20. Qg5 g6 21. e4 $1 $18 {[%cal Gg5a5,Re4e5]}) 19... Ba6 20. Qe3 dxe4 $4 {
[%mdl 8192] Another mistake.Very unclear was} (20... Bxf1 $1 21. exd5 e5 22.
Rxf1 Kf8 $1) 21. Qxa7 $18 {[%cal Ra7g7]} Rb7 22. Qa8+ Rb8 23. Qc6+ Ke7 24. Rfd1
{[%cal Gd1d7]} Nd5 25. Rxd5 exd5 (25... Qxd5 26. Qxa6 $18) 26. Bh3 Qc7 27. Qxd5
Kf8 28. Nf7 Bc5 29. Ng5 Bxf2+ 30. Kh1 Qb7 31. Qd6+ Ke8 32. Bd7+ Qxd7 33. Qxb8+
Ke7 34. Qe5+ Kf8 35. Qf4+ 1-0